Stručná mluvnice tureckého jazyka : (úvod do studia) /

Hlavní autor: Hristova, Radka, 1950-
Korporativní autor: Univerzita Karlova. Filozofická fakulta
Jazyk: Čeština
Vydáno: Praha : Karolinum, 1999
Vydání: 1. vyd.
Témata:
Fyzický popis: 147 s. ; 21 cm
Knihy
Uloženo v:
LEADER 01236nam a2200349 a 4500
001 000421586
003 CZ BrMZK
005 20201216133311.0
007 ta
008 990315s1999 xr e p 0 cze d
015 |a cnb000700185 
020 |a 80-7184-736-4 
035 |a (OCoLC)84973851 
040 |a BOA001  |b cze 
072 7 |a 811.51  |x Uraloaltajské jazyky  |2 Konspekt  |9 11 
072 7 |a 37.016  |x Učební osnovy. Vyučovací předměty. Učebnice  |2 Konspekt  |9 22 
080 |a 811.512.161  |2 MRF 
080 |a 81'36  |2 MRF 
080 |a (075.8)  |2 MRF 
100 1 |a Hristova, Radka,  |d 1950-  |7 ola2002112777  |4 aut 
245 1 0 |a Stručná mluvnice tureckého jazyka :  |b (úvod do studia) /  |c Radka Hristova 
250 |a 1. vyd. 
260 |a Praha :  |b Karolinum,  |c 1999 
300 |a 147 s. ;  |c 21 cm 
500 |a Určeno pro posl. filoz. fak. Univ. Karlovy. - Bibliogr. 
650 0 7 |a turečtina  |7 ph126797  |2 czenas 
650 0 7 |a mluvnice  |7 ph115331  |2 czenas 
655 7 |a učebnice vysokých škol  |7 fd133772  |2 czenas 
710 2 |a Univerzita Karlova.  |b Filozofická fakulta  |7 kn20010710340 
910 |a BOA001  |b 2-1059.917 
990 |a BK 
996 6 |b 2610093740  |c 2-1059.917  |l MZK  |r Sklad / do 1 hodiny  |n 27  |p p.v.  |w 000421586  |u 000010  |a 1  |e BOA001  |j MZK50  |s P